Top 10 najmniejszych krajów w Oceanii - Statystyki

Ogólne statystyki
  • Ten quiz został rozwiązany 431 razy
  • Średni wynik to 8 z 10
Statystyki odpowiedzi
rozmiar w km2 Kraj % Poprawnych
181 Wyspy Marshalla
85%
21 Nauru
84%
18,272 Fidzi
83%
12,189 Vanuatu
83%
702 Mikronezja
81%
26 Tuvalu
81%
459 Palau
80%
811 Kiribati
77%
2,842 Samoa
76%
747 Tonga
74%
Nie znaleziono quizów pasujących do podanych kryteriów
Rozkład punktacji
Procent ludzi z każdym wynikiem
Percentyl według liczby udzielonych odpowiedzi
Twoja historia wyników
Nie rozwiązałeś tego quizu